Japan, a geography / (Record no. 164765)
[ view plain ]
| 000 -LEADER | |
|---|---|
| fixed length control field | 00791cam5a220024100 4500 |
| 001 - CONTROL NUMBER | |
| control field | qce00808564 |
| 005 - DATE AND TIME OF LATEST TRANSACTION | |
| control field | 20190826102725.0 |
| 008 - FIXED-LENGTH DATA ELEMENTS--GENERAL INFORMATION | |
| fixed length control field | 720922s1965 wiuab b 000 0 eng |
| 010 ## - LIBRARY OF CONGRESS CONTROL NUMBER | |
| LC control number | 65011200 |
| 035 ## - SYSTEM CONTROL NUMBER | |
| System control number | (Sirsi) r104946 |
| 035 ## - SYSTEM CONTROL NUMBER | |
| System control number | (QCAT)lss00294022 |
| 035 ## - SYSTEM CONTROL NUMBER | |
| System control number | (UPRA)qce00808564 |
| 040 ## - CATALOGING SOURCE | |
| Modifying agency | UPRA |
| 050 0# - LIBRARY OF CONGRESS CALL NUMBER | |
| Classification number | DS811 |
| Item number | .T72 |
| 082 ## - DEWEY DECIMAL CLASSIFICATION NUMBER | |
| Classification number | 915.2 |
| 100 1# - MAIN ENTRY--PERSONAL NAME | |
| Personal name | Trewartha, Glenn Thomas, 1896- |
| Dates associated with a name | Trewartha, Glenn Thomas, 1896- |
| Linkage | A46111.1 |
| 245 10 - TITLE STATEMENT | |
| Title | Japan, a geography / |
| Statement of responsibility, etc. | [by] Glenn T. Trewartha. |
| 260 ## - PUBLICATION, DISTRIBUTION, ETC. | |
| Place of publication, distribution, etc. | Madison : |
| Name of publisher, distributor, etc. | University of Wisconsin Press, |
| Date of publication, distribution, etc. | 1965. |
| 504 ## - BIBLIOGRAPHY, ETC. NOTE | |
| Bibliography, etc. note | Bibliography: p. 631-641. |
| 651 #0 - SUBJECT ADDED ENTRY--GEOGRAPHIC NAME | |
| Geographic name | Japan -- Description and travel. |
| General subdivision | Japan -- Description and travel. |
| Linkage | S28943.1 |
| 949 ## - LOCAL PROCESSING INFORMATION (OCLC) | |
| a | DS811 |
| w | lcc |
| i | -149115 |
| m | MAIN |
| t | BOOK |
| l | ON-SHELF |
No items available.